Architectes - par images - 2 - Statistiques

Statistiques générales
  • Ce quiz a été pris 97 fois
  • Le résultat moyen est 3 sur 12
Statistiques - réponses
Par images Hint Réponse % Correct
Maison sur la cascade Frank Lloyd Wright
86%
Fondation Louis Vuitton Frank Gehry
77%
Tour Agbar Jean Nouvel
51%
Riverside Museum Zaha Hadid
21%
Villa Schwob Le Corbusier
16%
Palais d'Itamaraty Oscar Niemeyer
12%
Musée d'Art moderne de Fort Worth Tadao Ando
7%
Gateway Arch Eero Saarinen
5%
Empire State Building William Frederick Lamb
4%
Arche de La Défense Johan Otto von Spreckelsen
3%
Mosquée centrale de Cologne Paul Böhm
1%
Atomium Kadiatou
0%
Aucun quiz correspondant
Distribution des résultats
% des personnes avec chaque résultat
Percentile par nombre de réponses
Votre historique - résultats
Vous n’avez pas pris ce quiz